Comparative study of soils of different landforms under rubber with special reference to erodibility indices/factor (Record no. 55961)

MARC details
000 -LEADER
fixed length control field 00535nam a2200181Ia 4500
100 ## - MAIN ENTRY--AUTHOR NAME
Personal name Satisha G.C.
245 #0 - TITLE STATEMENT
Title Comparative study of soils of different landforms under rubber with special reference to erodibility indices/factor
260 ## - PUBLICATION, DISTRIBUTION, ETC. (IMPRINT)
Name of publisher Journal of Plantation Crops
Year of publication 2009
300 ## - PHYSICAL DESCRIPTION
Number of Pages 123-128
650 ## - SUBJECT ADDED ENTRY--TOPICAL TERM
Topical Term Erodibility indices/factor
650 ## - SUBJECT ADDED ENTRY--TOPICAL TERM
Topical Term Hevea
650 ## - SUBJECT ADDED ENTRY--TOPICAL TERM
Topical Term Kerala
650 ## - SUBJECT ADDED ENTRY--TOPICAL TERM
Topical Term Landforms
650 ## - SUBJECT ADDED ENTRY--TOPICAL TERM
Topical Term Soil ratios
700 ## - ADDED ENTRY--PERSONAL NAME
Personal name Ulaganathan A.
942 ## - ADDED ENTRY ELEMENTS (KOHA)
Koha item type Journals
Holdings
Withdrawn status Lost status Damaged status Not for loan Home library Current library Shelving location Date acquired Serial Enumeration / chronology Koha item type
      Journals RRII Library RRII Library Crop management 26/11/2009 Volume 37, Issue 2 Journals